00711nac a22001937a 4500001001000000003000900010005001700019008003400036040005400070072001300124110007700137245007800214260003600292300000900328490012200337650002600459650001800485650001400503BR8302475BR-BrBNA20240105115727.0230509b bl.|||m| |||| 00| 0 por d aBR-BrBNAbporcBiblioteca Nacional de Agricultura aN20; L001 aEmpresa Brasileira de Assistencia Tecnica e Extensao Rural, Brasilia, DF1 aEquipamentos, comedouro economico para avesbTecnica para producao animal3 aBrasilia, DF (Brasil): c1983.  a2 p. aFichario de Tecnologias Adaptadas - Empresa Brasileira de Assistencia Tecnica e Extensao Rural (Brazil)vv. 15(327)x aTECNOLOGIA APROPRIADA aAVE DOMESTICA aCOMEDOURO